Catálogo - Centro de Recursos para el Aprendizaje y la Investigación

Volver al Sitio - CRAI Biblioteca

Memorias de la conferencia valorización de residuos agrícolas y sargazo (Registro nro. 113866)

Detalles MARC
000 -CABECERA
campo de control de longitud fija 01712nam a2200325 4500
001 - NÚMERO DE CONTROL
campo de control 0
003 - IDENTIFICADOR DEL NÚMERO DE CONTROL
campo de control DR-UNIBE
005 - FECHA Y HORA DE LA ÚLTIMA TRANSACCIÓN
campo de control 20250711142713.0
008 - DATOS DE LONGITUD FIJA--INFORMACIÓN GENERAL
campo de control de longitud fija 250711b2025 dr ||||| |||| 00| 0 spa d
020 ## - NÚMERO INTERNACIONAL ESTÁNDAR DEL LIBRO
Número Internacional Estándar del Libro 9789945511208
040 ## - FUENTE DE LA CATALOGACIÓN
Centro catalogador/agencia de origen BIBLIOTECA UNIBE
Lengua de catalogación spa
Centro/agencia transcriptor BIBLIOTECA UNIBE
041 ## - CÓDIGO DE LENGUA
Código de lengua del texto/banda sonora o título independiente spa
041 ## - CÓDIGO DE LENGUA
Código de lengua del texto/banda sonora o título independiente eng
082 ## - NÚMERO DE LA CLASIFICACIÓN DECIMAL DEWEY
Número de edición 22
Número de clasificación RD 333.9538 M533c
245 ## - MENCIÓN DE TÍTULO
Título Memorias de la conferencia valorización de residuos agrícolas y sargazo
260 ## - PUBLICACIÓN, DISTRIBUCIÓN, ETC.
Lugar de publicación, distribución, etc. Santo Domingo :
Nombre del editor, distribuidor, etc. Instituto Tecnológico de Santo Domingo (INTEC) ;
-- SARGARD :
-- Embajada de Francia en República Dominicana :
-- Ministère de l'Europe et des Affaires Étrangères,
Fecha de publicación, distribución, etc. 2025
300 ## - DESCRIPCIÓN FÍSICA
Extensión xi, 61 páginas :
Otras características físicas ilustraciones ;
Dimensiones 27 cm.
500 ## - NOTA GENERAL
Nota general 28 y 29 de octubre del 2024 en el marco del proyecto Cooperación Franco-Dominicana en materia de Gestión de Desechos Agrícolas y Sargazo.
520 3# - SUMARIO, ETC.
Sumario, etc. Recopila las ponencias y reflexiones presentadas en la conferencia sobre valorización de residuos agrícolas y sargazo, destacando iniciativas de sostenibilidad, economía circular y tecnologías de transformación de residuos en recursos útiles en la República Dominicana y el Caribe.
650 #7 - PUNTO DE ACCESO ADICIONAL DE MATERIA--TÉRMINO DE MATERIA
Fuente del encabezamiento o término lemb
Término de materia o nombre geográfico como elemento de entrada Residuos agrícolas
Subdivisión de forma Congresos, conferencias, etc.
9 (RLIN) 197264
650 #7 - PUNTO DE ACCESO ADICIONAL DE MATERIA--TÉRMINO DE MATERIA
Fuente del encabezamiento o término lemb
Término de materia o nombre geográfico como elemento de entrada Algas marinas
Subdivisión general Aspectos ambientales
Subdivisión de forma Congresos, conferencias, etc.
9 (RLIN) 197265
650 #7 - PUNTO DE ACCESO ADICIONAL DE MATERIA--TÉRMINO DE MATERIA
Fuente del encabezamiento o término lemb
Término de materia o nombre geográfico como elemento de entrada Tratamiento de residuos
9 (RLIN) 796
650 ## - PUNTO DE ACCESO ADICIONAL DE MATERIA--TÉRMINO DE MATERIA
Término de materia o nombre geográfico como elemento de entrada Economía circular
9 (RLIN) 197266
650 #7 - PUNTO DE ACCESO ADICIONAL DE MATERIA--TÉRMINO DE MATERIA
Fuente del encabezamiento o término lemb
Término de materia o nombre geográfico como elemento de entrada Desarrollo sostenible
653 ## - TÉRMINO DE INDIZACIÓN--NO CONTROLADO
Término no controlado Sargazos (Mar)
700 1# - PUNTO DE ACCESO ADICIONAL--NOMBRE DE PERSONA
Nombre de persona Jáuregui-Haza, Ulises Javier
Término indicativo de función/relación editor
9 (RLIN) 197258
700 1# - PUNTO DE ACCESO ADICIONAL--NOMBRE DE PERSONA
Nombre de persona Smith Pujols, Yvette
Término indicativo de función/relación editor
9 (RLIN) 197259
700 1# - PUNTO DE ACCESO ADICIONAL--NOMBRE DE PERSONA
Nombre de persona Picón Chaparro, María Carla
Término indicativo de función/relación cuidado de edición
9 (RLIN) 197260
942 ## - ELEMENTOS DE PUNTO DE ACCESO ADICIONAL (KOHA)
Fuente del sistema de clasificación o colocación Sistema de Clasificación Decimal Dewey
Tipo de ítem Koha Libro (general)
Existencias
Estado de retiro Estado de pérdida Fuente del sistema de clasificación o colocación No para préstamo Código de colección Localización permanente Fecha de adquisición Total de préstamos Signatura topográfica completa Código de barras Fecha visto por última vez Número de copia Precio válido a partir de Tipo de ítem Koha
  Disponible Sistema de Clasificación Decimal Dewey   General - Libros dominicanos Biblioteca Central UNIBE 11/07/2025   RD 333.9538 M533c 250814 11/07/2025 Ej. 1 11/07/2025 Libro (general)